How Rocket learned to read / Tad Hills.
A little yellow bird teaches Rocket the dog how to read by first introducing him to the "wondrous, mighty, gorgeous alphabet."
Record details
- ISBN: 9780375858994
- ISBN: 0375858997
- ISBN: 9780375958991
- ISBN: 0375958991
- Physical Description: 1 volume (unpaged) : color illustrations ; 28 cm.
- Edition: First edition.
- Publisher: New York : Schwartz & Wade Books, ©2010.
Content descriptions
| General Note: | Sequel: Rocket writes a story. |
| Target Audience Note: | Ages 3-7. Preschool 600 Lexile |
| Study Program Information Note: | Accelerated Reader 2.9 Reading Counts! 2.4 |
Search for related items by subject
| Subject: | Reading > Juvenile fiction. Dogs > Juvenile fiction. Birds > Juvenile fiction. Picture books for children. |
| LDR | 01627cam a2200433 a 4500 | ||
|---|---|---|---|
| 001 | 138088 | ||
| 003 | CONS | ||
| 005 | 20160728112033.0 | ||
| 008 | 081201s2010 nyua j 000 1 eng | ||
| 010 | . | ‡a 2008051015 | |
| 020 | . | ‡a9780375858994 ‡q(hardcover) | |
| 020 | . | ‡a0375858997 ‡q(hardcover) | |
| 020 | . | ‡a9780375958991 ‡q(library binding) | |
| 020 | . | ‡a0375958991 ‡q(library binding) | |
| 035 | . | ‡a(CPomAG)LMN586550 | |
| 042 | . | ‡alcac ‡apcc | |
| 050 | 0 | 0. | ‡aPZ7.H563737 ‡bHo 2010 |
| 082 | 0 | 0. | ‡a[E] ‡222 |
| 100 | 1 | . | ‡aHills, Tad. |
| 245 | 1 | 0. | ‡aHow Rocket learned to read / ‡cTad Hills. |
| 250 | . | ‡aFirst edition. | |
| 260 | . | ‡aNew York : ‡bSchwartz & Wade Books, ‡c©2010. | |
| 300 | . | ‡a1 volume (unpaged) : ‡bcolor illustrations ; ‡c28 cm. | |
| 500 | . | ‡aSequel: Rocket writes a story. | |
| 520 | . | ‡aA little yellow bird teaches Rocket the dog how to read by first introducing him to the "wondrous, mighty, gorgeous alphabet." | |
| 521 | 1 | . | ‡aAges 3-7. |
| 521 | . | ‡aPreschool | |
| 521 | 8 | . | ‡a600 ‡bLexile |
| 526 | 0 | . | ‡aAccelerated Reader ‡c2.9 |
| 526 | 0 | . | ‡aReading Counts! ‡c2.4 |
| 650 | 0. | ‡aReading ‡vJuvenile fiction. | |
| 650 | 0. | ‡aDogs ‡vJuvenile fiction. | |
| 650 | 0. | ‡aBirds ‡vJuvenile fiction. | |
| 650 | 0. | ‡aPicture books for children. | |
| 914 | . | ‡aSCP_jd ‡dNAC_as | |
| 959 | . | ‡i32269000951171 ‡lE Hil ‡aJuvenile - Easy ‡tEasy ‡g18.00 | |
| 852 | . | ‡p32269000951171 ‡jE Hil ‡jE Hil ‡gJuvenile - Easy ‡gJuvenile - Easy ‡cEasy ‡cEasy ‡y18.00 ‡y18.00 ‡bSBPL | |
| 959 | . | ‡i32269001001844 ‡lE Hil ‡aJuvenile - Easy ‡tEasy ‡g18.00 | |
| 852 | . | ‡p32269001001844 ‡jE Hil ‡jE Hil ‡gJuvenile - Easy ‡gJuvenile - Easy ‡cEasy ‡cEasy ‡y18.00 ‡y18.00 ‡bSBPL | |
| 901 | . | ‡a138088 ‡bUnknown ‡c138088 ‡tbiblio | |